header

The global hunger crisis (Record no. 57897)

MARC details
000 -LEADER
fixed length control field 01331nam a2200313Ia 4500
100 1# - MAIN ENTRY--AUTHOR NAME
Personal name Bne Saad, Majda.
245 14 - TITLE STATEMENT
Title The global hunger crisis
260 ## - PUBLICATION, DISTRIBUTION, ETC. (IMPRINT)
Place of publication London :
Name of publisher Pluto Press ;
Place of publication New York :
Name of publisher Distributed in the United States of America exclusively by Palgrave Macmillan,
Year of publication 2013.
300 ## - PHYSICAL DESCRIPTION
Number of Pages xvii, 290 p. :
Other physical details ill.
650 #0 - SUBJECT ADDED ENTRY--TOPICAL TERM
Topical Term Food supply
Topical Term Food security
856 40 - ELECTRONIC LOCATION AND ACCESS
Uniform Resource Identifier http://site.ebrary.com/lib/rucke/Doc?id=10675215

No items available.

© 2026 Rongo University
Contact us: librarian | system librarian | Rongo university